Mapping Macroscopic Plots in Narratively Complex Television Series (notice n° 1650618)

détails MARC
000 -LEADER
fixed length control field 00972cam a2200157 4500500
005 - DATE AND TIME OF LATEST TRANSACTION
control field 20260208005115.0
041 ## - LANGUAGE CODE
Language code of text/sound track or separate title fre
042 ## - AUTHENTICATION CODE
Authentication code dc
100 10 - MAIN ENTRY--PERSONAL NAME
Personal name Favard, Florent
Relator term author
245 00 - TITLE STATEMENT
Title Mapping Macroscopic Plots in Narratively Complex Television Series
260 ## - PUBLICATION, DISTRIBUTION, ETC.
Date of publication, distribution, etc. 2018.<br/>
500 ## - GENERAL NOTE
General note 100
520 ## - SUMMARY, ETC.
Summary, etc. This essay focuses on the reception of antebellum slave narratives. While recognizing that slave narratives were predominantly directed toward a white middle-class northern audience, I argue that their intended and actual readership included other groups such as Southerners, African Americans, and children. Drawing on a variety of primary sources I study some of the ways these groups may have read and understood the narratives.
786 0# - DATA SOURCE ENTRY
Note Revue française d’études américaines | 151 | 2 | 2018-01-11 | p. 72-85 | 0397-7870
856 41 - ELECTRONIC LOCATION AND ACCESS
Uniform Resource Identifier <a href="https://shs.cairn.info/revue-francaise-d-etudes-americaines-2017-2-page-72?lang=en&redirect-ssocas=7080">https://shs.cairn.info/revue-francaise-d-etudes-americaines-2017-2-page-72?lang=en&redirect-ssocas=7080</a>

Pas d'exemplaire disponible.

PLUDOC

PLUDOC est la plateforme unique et centralisée de gestion des bibliothèques physiques et numériques de Guinée administré par le CEDUST. Elle est la plus grande base de données de ressources documentaires pour les Étudiants, Enseignants chercheurs et Chercheurs de Guinée.

Adresse

627 919 101/664 919 101

25 boulevard du commerce
Kaloum, Conakry, Guinée

Réseaux sociaux

Powered by Netsen Group @ 2025